00523nam a2200181 a 45000010010000000030011000100080041000210350026000620820014000881000019001022450032001212600039001536500012001929420012002049520090002169980020003069990015003260000-8654ELIB.Books110520 1992  a(ELIB.Books)0000-8800 a266 bWie aWiebracht Dean aThe World beyond your Walls bManila: Philippine Crusades c1992 aMission 2ddccBK 00102ddc4070aKBTSbKBTSd2011-05-20l0p3649r2022-01-22 00:00:00w2022-01-22yBK cbate2011-05-20 c8654d8654